|
|
|
|
| LEADER |
00928nam a2200253 a 4500 |
| 001 |
0017271 |
| 003 |
BD-DhAAL |
| 008 |
090707s1997 mau 000 1 eng d |
| 010 |
|
|
|a 96042520
|
| 020 |
|
|
|a 0140265724
|
| 020 |
|
|
|a 0316133078
|
| 040 |
|
|
|a DLC
|c DLC
|d DLC
|d BD-DhAAL
|
| 082 |
0 |
0 |
|a 813.54
|2 20
|
| 100 |
1 |
|
|a Chandra, Vikram.
|9 58386
|
| 245 |
1 |
0 |
|a Love and longing in Bombay :
|b stories /
|c Vikram Chandra.
|
| 260 |
|
|
|a Boston :
|b Little, Brown and Co. ;
|a New Delhi :
|b Penguin Books,
|c c1997.
|
| 300 |
|
|
|a xv, 268 p. ;
|c 22 cm
|
| 526 |
|
|
|a ENH
|
| 541 |
1 |
|
|e 00017271
|a Words N' Pages
|
| 651 |
|
0 |
|a Bombay (India)
|x Fiction.
|9 58387
|
| 852 |
4 |
|
|a Ayesha Abed Library
|c General Stacks
|
| 942 |
|
|
|2 ddc
|c BK
|
| 999 |
|
|
|c 2122
|d 2122
|
| 952 |
|
|
|0 0
|1 0
|2 ddc
|4 0
|6 813_540000000000000_CHA_1997
|7 0
|9 1951
|a BRACUL
|b BRACUL
|c GEN
|d 2009-07-07
|e Words N' Pages
|g 600.00
|l 13
|m 39
|o 813.54 CHA
|p 3010017271
|r 2026-05-03
|s 2026-04-27
|t 1
|v 1200.00
|w 2009-07-07
|y BK
|